000 nam a22 a 4500
999 _c126
_d126
003 AKMAL
005 20170420112135.0
008 170419s2002 my 00 eng d
020 _a9837204796 (pbk.):
040 _aAKMAL
082 0 4 _a004.03
090 0 0 _a004.03
_bSOU
100 1 _aSouire, Margaret
_9323
245 1 0 _aDictionary of IT terms /
_cMargaret Souire, Sanjay Kaushaik
260 _aKuala Lumpur :
_bGolden Books Centre,
_c2002
300 0 0 _a459p. ;
_c21cm
650 0 _aComputers
_xDictionaries
_9314
650 0 _aInformation technology
_vDictionaries
_9321
700 0 _aSanjay, Kaushaik
_9324
942 _2ddc
_cBOOK